01825nam a2200313 a 450000100100000000500170001000800410002704000250006808200200009324500500011324600540016326000600021730000200027749000170029750002120031458600330052659000270055965000280058665000280061465000310064283000260067391000370069995201330073695201770086995201240104695201330117095201910130399900170149400002819520240530073935.0110407s1962 dr r 000 p spa d aDO-SdBNPbspacBNPHU aRD861.44bC961p00a4 poemas heroicos :bun ensayo - un discurso.1 aCuatro poemas heroicos :bun ensayo - un discurso aSanto Domingo :bEdiciones Brigadas Dominicanas,c1962. a73 p. ;c24 cm.1 aBaluartev10 aConcurso literario celebrado por el comité ejecutivo de la Junta Pro Glorificación de los héroes del 30 de mayo, de las Hermanas Mirabal, Luperón, Maimón, Constanza y Estero Hondo, mayo 30 de 1962. aPremios de poesía y prosa. aInventariado, 2018/ YL 0aPoesía dominicana966 0aEnsayos dominicanos965 0aLiteratura dominicana.967 0aBaluarte ;v10935758 aValidado. Control de calidad MFF 001154708DSaGRbGRcMId2015-06-16iLF1l0oRD861.44 C961pp28195-50r2020-06-25te. 5w2020-06-25yLFDSZPréstamo en sala 0010718PDaPDbPDcHDd2011-04-07iLF1l0oRD861.44 C961pp28195-10r2020-06-25w2020-06-25yLFPDzPerteneció a la biblioteca personal de Martínez Boog.ZNo se presta 0010718PDaPDbPDcHDd2011-08-25iLF1l0oRD861.44 C961pp28195-20r2020-06-25te. 2w2020-06-25yLFPDZNo se presta 001054708DSaPDbPDcHDd2015-04-20iLF1l0oRD861.44 C961pp28195-30r2020-06-25te. 3w2020-06-25yLFDSZPréstamo en sala 001054708DSaPDbPDcHDd2015-06-16iLF1l0oRD861.44 C961pp28195-40r2020-06-25te. 4w2020-06-25yLFDSzPerteneció a la biblioteca personal de Erick LandestoyZPréstamo en sala c27687d27687